01679nam a2200289Ia 4500008004100000040001800041041000800059245007900067260007400146300002200220500004800242500044600290505008500736508007900821511013200900546003501032600004101067650001701108650002001125650002301145650003501168650002001203700002501223710002901248710002201277856009001299130821s2009 ie a gs deng  aCo-BoUCMbspa00aeng04aThe Tudors the complete third seasonc[DVD]c[dirigido por] Michael Hirst aDublín (Irlanda)bShowtime Networks, Peace Arch Entertainmentc2009 a3 DVDbson. color aCoproducción Gran Bretaña-Irlanda-EEUU. aSINOPSIS : The Tudors es una serie de televisión que recrea de excelente manera los primeros años del reinado de Enrique VIII de Inglaterra. The Tudors refleja a un monarca cuyos asuntos de estado no figuraban entre sus prioridades y cuyos problemas oficiales quedaban en manos del Cardenal Wolsey (Sam Nelly). Enrique VIII era incluso capaz de desafiar a la institución más poderosa de Europa Medieval: la Iglesia Católica Romana. aDISCO 1 : episodios 1-3. -- DISCO 2 : episodios 4-6. -- DISCO 3 : episodios 7-8. aDirector, Michael Hirst ; guión, Michael Hirst ; música, Trevor Morris aJonathan Rhys-Meyers, Henry Cavill, James Frain, Annabelle Wallis, Alan van Sprang, Gerard McSorley, Joss Stone, Max von Sydow. aAudio en Inglés y Español.04aEnrique VIIIeR. xiid1491-1547vDVD04aBiografías04aEntretenimiento04aHistoria de Europa04aProgramas de televisiónvDVD04aTeleseriesvDVD1 aHirst, Michaeledir.2 aPeace Arch Entertainment2 aShowtime Networks04uhttps://www.youtube.com/watch?v=WXNf9dxnQrMzSiga este vínculo para ver el trailer.